<?xml version="1.0" encoding="UTF-8"?><?xml-stylesheet type="text/xsl" href="static/style.xsl"?><OAI-PMH xmlns="http://www.openarchives.org/OAI/2.0/" xmlns:xsi="http://www.w3.org/2001/XMLSchema-instance" xsi:schemaLocation="http://www.openarchives.org/OAI/2.0/ http://www.openarchives.org/OAI/2.0/OAI-PMH.xsd"><responseDate>2026-04-29T09:26:31Z</responseDate><request verb="GetRecord" identifier="oai:riubu.ubu.es:10259/11473" metadataPrefix="marc">https://riubu.ubu.es/oai/request</request><GetRecord><record><header><identifier>oai:riubu.ubu.es:10259/11473</identifier><datestamp>2026-03-10T01:05:45Z</datestamp><setSpec>com_10259_5786</setSpec><setSpec>com_10259_5086</setSpec><setSpec>com_10259_2604</setSpec><setSpec>col_10259_5787</setSpec></header><metadata><record xmlns="http://www.loc.gov/MARC21/slim" xmlns:doc="http://www.lyncode.com/xoai" xmlns:xsi="http://www.w3.org/2001/XMLSchema-instance" xmlns:dcterms="http://purl.org/dc/terms/" xsi:schemaLocation="http://www.loc.gov/MARC21/slim http://www.loc.gov/standards/marcxml/schema/MARC21slim.xsd">
<leader>00925njm 22002777a 4500</leader>
<datafield tag="042" ind1=" " ind2=" ">
<subfield code="a">dc</subfield>
</datafield>
<datafield tag="720" ind1=" " ind2=" ">
<subfield code="a">Hortigüela Alcalá, David</subfield>
<subfield code="e">author</subfield>
</datafield>
<datafield tag="720" ind1=" " ind2=" ">
<subfield code="a">Barba Martín, Raúl A.</subfield>
<subfield code="e">author</subfield>
</datafield>
<datafield tag="720" ind1=" " ind2=" ">
<subfield code="a">Sánchez-Miguel, Pedro Antonio</subfield>
<subfield code="e">author</subfield>
</datafield>
<datafield tag="720" ind1=" " ind2=" ">
<subfield code="a">Hernando Garijo, Alejandra</subfield>
<subfield code="e">author</subfield>
</datafield>
<datafield tag="260" ind1=" " ind2=" ">
<subfield code="c">2025-05</subfield>
</datafield>
<datafield tag="520" ind1=" " ind2=" ">
<subfield code="a">Traditionally, the PE teacher with the highest status was the white, heterosexual male, with a muscular body and belonging to a good socioeconomic level. These stereotypes are subject to socio-political factors that determine power structures and “the way forward,” which generated clear discrimination and social injustice. In this sense, and taking sexual identity as a reference, the objective of this research is to analyze the discourses of 8 homosexual physical education teachers who acknowledge having felt discriminated. This analysis is carried out from the intersectionality approach and the theory of social justice. A qualitative methodology is used, employing individual interviews with each teacher, their reflective personal diaries and a focus group with all of them as a techniques. Analysis of the results focused on identifying emerging patterns and meanings from the data collected, interpreting the narratives and relevant themes to construct final categories. The results showed how, behind an apparent acceptance, teachers felt a high level of discrimination in many areas just because they are homosexual. This discrimination, from both students and fellow teachers, makes them question whether they are good PE teachers, and at times they considered leaving the profession. In addition, the fact of being a woman, being black, or not complying with the dominant body typology, is a source of even greater exclusion.</subfield>
</datafield>
<datafield tag="024" ind2=" " ind1="8">
<subfield code="a">0091-8369</subfield>
</datafield>
<datafield tag="024" ind2=" " ind1="8">
<subfield code="a">https://hdl.handle.net/10259/11473</subfield>
</datafield>
<datafield tag="024" ind2=" " ind1="8">
<subfield code="a">10.1080/00918369.2025.2500989</subfield>
</datafield>
<datafield tag="024" ind2=" " ind1="8">
<subfield code="a">1540-3602</subfield>
</datafield>
<datafield ind1=" " ind2=" " tag="653">
<subfield code="a">Discrimination</subfield>
</datafield>
<datafield ind1=" " ind2=" " tag="653">
<subfield code="a">Intersectionality</subfield>
</datafield>
<datafield ind1=" " ind2=" " tag="653">
<subfield code="a">Homosexuality</subfield>
</datafield>
<datafield ind1=" " ind2=" " tag="653">
<subfield code="a">Physical education</subfield>
</datafield>
<datafield ind1=" " ind2=" " tag="653">
<subfield code="a">Social justice</subfield>
</datafield>
<datafield tag="245" ind1="0" ind2="0">
<subfield code="a">“Swimming Against the Current”. Analysis of the Discourses of Homosexual Physical Education Teachers Under the Intersectionality Approach</subfield>
</datafield>
</record></metadata></record></GetRecord></OAI-PMH>